000 00257nam a2200097Ia 4500
008 170620s9999 xx 000 0 und d
100 _aSharma-S.R/Vanik-Anil
245 0 _aEncyclopaedia of Health & Physical Education
260 _bNew delhi.Friends Pub
260 _c2005
300 _a220
999 _c27786
_d27786